| 000 | 00664cab a2200229 4500 | ||
|---|---|---|---|
| 001 | ABS51993 | ||
| 008 | 090401t1994 xxu||||| |||| 00| 0 eng d | ||
| 035 | _a(Sirsi) u54033 | ||
| 041 | _aeng | ||
| 100 | _aWalker, D. | ||
| 245 | _aWhy some buildings are built faster | ||
| 260 | _c1994 | ||
| 350 | _a0 | ||
| 490 |
_aBuilding Economist _vDecember 1994, 5-8(4) |
||
| 520 | _aIdentifies the factors, which affect construction time performance. | ||
| 650 |
_aCONSTRUCTION MANAGEMENT _96230 |
||
| 650 | _aCONSTRUCTION TIME PERFORMANCE | ||
| 650 | _aMANAGEMENT-PROJECT MANAGEMENT | ||
| 690 |
_aProject management _96261 |
||
| 942 | _n0 | ||
| 948 | _c04/03/1997 | ||
| 999 |
_c33145 _d33145 |
||